000 00988nam a2200229Ii 4500
003 JO-AjNU
008 230605s9999||||xx |||||||||||||| ||und||
017 _a2020/10/4403
020 _a978-9923-740-71-2
040 _aJO-AjNU
_bara
_erda
_cJO-AjNU
041 _aara
050 1 4 _aBP161.3.2021
100 3 _aالحسني، سارة بنت محمد صالح,
_eauthor
_963173
245 0 0 _aجهود الدكتور ماجد عرسان الكيلاني- رحمه الله- في خدمة الثقافة الاسلامية
250 _aط1
264 3 1 _aعمان: دار خالد اللحياني للنشر والتوزيع، 2021
300 _a440ص
336 _atext
_btxt
_2rdacontent
337 _aunmediated
_bn
_2rdamedia
338 _avolume
_bnc
_2rdacarrier
650 4 _aالفكر الاسلامي-الاصلاح الديني-الاحوال الاجتماعية-المجتمعات الاسلامية-القيم الاخلاقية-الثقافة الاسلامية
_963174
999 _aA28641
_c32209
_d32209